Cambridge copy collection: Singing grammar : Teaching grammar through songs

Gespeichert in:
Bibliographische Detailangaben
1. Verfasser: Mark Hancock
Format: Buch
Sprache:Undetermined
Veröffentlicht: Cambridge, UK Cambridge Univ. Press 1998
Schlagworte:
Tags: Tag hinzufügen
Keine Tags, Fügen Sie den ersten Tag hinzu!
Thư viện lưu trữ: Trung tâm Học liệu Trường Đại học Cần Thơ
LEADER 00607nam a2200217Ia 4500
001 CTU_57514
008 210402s9999 xx 000 0 und d
020 |b 324000 
082 |a 428.24 
082 |b C178 
100 |a Mark Hancock 
245 0 |a Cambridge copy collection: Singing grammar : 
245 0 |b Teaching grammar through songs 
245 0 |c Mark Hancock 
260 |a Cambridge, UK 
260 |b Cambridge Univ. Press 
260 |c 1998 
650 |a english language 
650 |x textbooks for foreign speakers 
904 |i Minh 
980 |a Trung tâm Học liệu Trường Đại học Cần Thơ